<?xml version="1.0" encoding="UTF-8"?>
<record
    xmlns:xsi="http://www.w3.org/2001/XMLSchema-instance"
    xsi:schemaLocation="http://www.loc.gov/MARC21/slim http://www.loc.gov/standards/marcxml/schema/MARC21slim.xsd"
    xmlns="http://www.loc.gov/MARC21/slim">

  <leader>02355nam a2200313Ia 4500</leader>
  <controlfield tag="001">dia_1978</controlfield>
  <controlfield tag="003">CHAP</controlfield>
  <controlfield tag="005">20230614100909.0</controlfield>
  <controlfield tag="008">220117s1976    xx            000 0 und d</controlfield>
  <datafield tag="010" ind1=" " ind2=" ">
    <subfield code="a">172510</subfield>
  </datafield>
  <datafield tag="040" ind1=" " ind2=" ">
    <subfield code="c">CHAP</subfield>
  </datafield>
  <datafield tag="082" ind1=" " ind2=" ">
    <subfield code="a">370.72 S45 1976</subfield>
  </datafield>
  <datafield tag="110" ind1=" " ind2=" ">
    <subfield code="a">E.N.A. Departamento de Industrias Agr&#xED;colas</subfield>
    <subfield code="9">147432</subfield>
  </datafield>
  <datafield tag="245" ind1=" " ind2=" ">
    <subfield code="a">Seminario del personal docente 1976  /</subfield>
    <subfield code="c"> colaboraci&#xF3;n Armando Santos Moreno...[et al.]</subfield>
  </datafield>
  <datafield tag="260" ind1=" " ind2=" ">
    <subfield code="a">M&#xE9;xico  :</subfield>
    <subfield code="b"> E.N.A. Departamento de Industrias Agr&#xED;colas,</subfield>
    <subfield code="c">1976</subfield>
  </datafield>
  <datafield tag="300" ind1=" " ind2=" ">
    <subfield code="a">211 h.</subfield>
  </datafield>
  <datafield tag="505" ind1=" " ind2=" ">
    <subfield code="a">Cambios bioqu&#xED;micos en la maduraci&#xF3;n de frutas / Armando Santos Moreno \Aspectos fisiol&#xF3;gicos de la floraci&#xF3;n, desarrollo y maduraci&#xF3;n del fruto del pl&#xE1;tano (Musa sp.) / Lorenzo Alvarado y Sosa \ Fisiolog&#xED;a del desarrollo y maduraci&#xF3;n de mangos / Crescenciano Saucedo Veloz \ Estudio de cambios organol&#xE9;pticos durante la maduraci&#xF3;n del mango manila a diversas temperaturas / Jorge Castillo Merino \ Estudio de la producci&#xF3;n, manejo y beneficio del or&#xE9;gano (Origanum vulgare) en el estado de Hidalgo / Luis F. Ramayo Ram&#xED;rez y Roberto Herrera Salda&#xF1;a \ El control de la calidad en la producci&#xF3;n de alimentos en M&#xE9;xico / Jorge Mart&#xED;nez Estrada \ Dise&#xF1;o &#xF3;ptimo econ&#xF3;mico / Jesus Fern&#xE1;ndez L&#xF3;pez \ Cr&#xE9;dito agr&#xED;cola para diferentes tipos de agricultura / Georgel Moctezuma L&#xF3;pez \ Degradaci&#xF3;n microbiana de celulosa / Salvador Mart&#xED;nez Romero \ Dise&#xF1;o de c&#xE1;maras para atm&#xF3;sfera controlada / Ram&#xF3;n Sep&#xFA;lveda Lerma \ El transporte frigor&#xED;fico de productos perecederos / Julio Serrano P&#xE9;rez \ Estudio de microorganismos a nivel de planta piloto / F&#xE9;liz Esparza Torres \ El factor de potencia en un circuito agroindustrial / J. Eleazar Aldaba Ch&#xE1;vez</subfield>
  </datafield>
  <datafield tag="590" ind1=" " ind2=" ">
    <subfield code="a">S539.5 S45 1976</subfield>
  </datafield>
  <datafield tag="650" ind1=" " ind2=" ">
    <subfield code="a">Agricultural education</subfield>
    <subfield code="x">Congresses</subfield>
    <subfield code="9">151959</subfield>
  </datafield>
  <datafield tag="650" ind1=" " ind2=" ">
    <subfield code="a">Docentes</subfield>
    <subfield code="x">Investigaci&#xF3;n educativa</subfield>
    <subfield code="x">Congresos, conferencias, etc.  </subfield>
    <subfield code="9">151960</subfield>
  </datafield>
  <datafield tag="650" ind1=" " ind2=" ">
    <subfield code="a">Educaci&#xF3;n agr&#xED;cola</subfield>
    <subfield code="x">Congresos, conferencias, etc.  </subfield>
    <subfield code="9">151961</subfield>
  </datafield>
  <datafield tag="650" ind1=" " ind2=" ">
    <subfield code="a">Teachers</subfield>
    <subfield code="x">Educational research</subfield>
    <subfield code="x">Congresses  </subfield>
    <subfield code="9">151962</subfield>
  </datafield>
  <datafield tag="700" ind1=" " ind2=" ">
    <subfield code="a">Santos Moreno, Armando, coaut.</subfield>
    <subfield code="9">145985</subfield>
  </datafield>
  <datafield tag="710" ind1=" " ind2=" ">
    <subfield code="a">Escuela Nacional de Agricultura. Departamento de Industrias Agr&#xED;colas</subfield>
    <subfield code="9">151963</subfield>
  </datafield>
  <datafield tag="901" ind1=" " ind2=" ">
    <subfield code="a">370.72 S45 1976</subfield>
  </datafield>
  <datafield tag="902" ind1=" " ind2=" ">
    <subfield code="a">M</subfield>
  </datafield>
  <datafield tag="905" ind1=" " ind2=" ">
    <subfield code="a">5232271976                          mx amn 8223323322spa16</subfield>
  </datafield>
  <datafield tag="942" ind1=" " ind2=" ">
    <subfield code="c">LIBRO</subfield>
    <subfield code="2">ddc</subfield>
  </datafield>
  <datafield tag="999" ind1=" " ind2=" ">
    <subfield code="c">172510</subfield>
    <subfield code="d">172510</subfield>
  </datafield>
  <datafield tag="952" ind1=" " ind2=" ">
    <subfield code="0">0</subfield>
    <subfield code="1">0</subfield>
    <subfield code="2">ddc</subfield>
    <subfield code="4">0</subfield>
    <subfield code="7">0</subfield>
    <subfield code="8">GRAL</subfield>
    <subfield code="a">IA_</subfield>
    <subfield code="b">IA_</subfield>
    <subfield code="d">2022-01-18</subfield>
    <subfield code="f">1</subfield>
    <subfield code="l">0</subfield>
    <subfield code="o">370.72 S45 1976</subfield>
    <subfield code="p">dia_001065</subfield>
    <subfield code="r">2022-01-18 00:00:00</subfield>
    <subfield code="t">5</subfield>
    <subfield code="w">2022-01-18</subfield>
    <subfield code="y">LIBRO</subfield>
  </datafield>
  <datafield tag="952" ind1=" " ind2=" ">
    <subfield code="0">0</subfield>
    <subfield code="1">0</subfield>
    <subfield code="2">ddc</subfield>
    <subfield code="4">0</subfield>
    <subfield code="7">0</subfield>
    <subfield code="8">GRAL</subfield>
    <subfield code="a">IA_</subfield>
    <subfield code="b">IA_</subfield>
    <subfield code="d">2022-01-18</subfield>
    <subfield code="f">1</subfield>
    <subfield code="l">0</subfield>
    <subfield code="o">370.72 S45 1976</subfield>
    <subfield code="p">dia_001061</subfield>
    <subfield code="r">2022-01-18 00:00:00</subfield>
    <subfield code="t">1</subfield>
    <subfield code="w">2022-01-18</subfield>
    <subfield code="y">LIBRO</subfield>
  </datafield>
  <datafield tag="952" ind1=" " ind2=" ">
    <subfield code="0">0</subfield>
    <subfield code="1">0</subfield>
    <subfield code="2">ddc</subfield>
    <subfield code="4">0</subfield>
    <subfield code="7">0</subfield>
    <subfield code="8">GRAL</subfield>
    <subfield code="a">IA_</subfield>
    <subfield code="b">IA_</subfield>
    <subfield code="d">2022-01-18</subfield>
    <subfield code="f">1</subfield>
    <subfield code="l">0</subfield>
    <subfield code="o">370.72 S45 1976</subfield>
    <subfield code="p">dia_001062</subfield>
    <subfield code="r">2022-01-18 00:00:00</subfield>
    <subfield code="t">2</subfield>
    <subfield code="w">2022-01-18</subfield>
    <subfield code="y">LIBRO</subfield>
  </datafield>
  <datafield tag="952" ind1=" " ind2=" ">
    <subfield code="0">0</subfield>
    <subfield code="1">0</subfield>
    <subfield code="2">ddc</subfield>
    <subfield code="4">0</subfield>
    <subfield code="7">0</subfield>
    <subfield code="8">GRAL</subfield>
    <subfield code="a">IA_</subfield>
    <subfield code="b">IA_</subfield>
    <subfield code="d">2022-01-18</subfield>
    <subfield code="f">1</subfield>
    <subfield code="l">0</subfield>
    <subfield code="o">370.72 S45 1976</subfield>
    <subfield code="p">dia_001063</subfield>
    <subfield code="r">2022-01-18 00:00:00</subfield>
    <subfield code="t">3</subfield>
    <subfield code="w">2022-01-18</subfield>
    <subfield code="y">LIBRO</subfield>
  </datafield>
  <datafield tag="952" ind1=" " ind2=" ">
    <subfield code="0">0</subfield>
    <subfield code="1">0</subfield>
    <subfield code="2">ddc</subfield>
    <subfield code="4">0</subfield>
    <subfield code="7">0</subfield>
    <subfield code="8">GRAL</subfield>
    <subfield code="a">IA_</subfield>
    <subfield code="b">IA_</subfield>
    <subfield code="d">2022-01-18</subfield>
    <subfield code="f">1</subfield>
    <subfield code="l">0</subfield>
    <subfield code="o">370.72 S45 1976</subfield>
    <subfield code="p">dia_001064</subfield>
    <subfield code="r">2022-01-18 00:00:00</subfield>
    <subfield code="t">4</subfield>
    <subfield code="w">2022-01-18</subfield>
    <subfield code="y">LIBRO</subfield>
  </datafield>
</record>
